Normal view MARC view

Entry Personal Name

Number of records used in: 2

001 - CONTROL NUMBER

  • control field: 54914

003 - CONTROL NUMBER IDENTIFIER

  • control field: dpl

005 - DATE AND TIME OF LATEST TRANSACTION

  • control field: 20130118162025.0

008 - FIXED-LENGTH DATA ELEMENTS

  • fixed length control field: 130118|||a|||||| | ||| d

040 ## - CATALOGING SOURCE

  • Original cataloging agency: dpl
  • Transcribing agency: dpl

100 ## - HEADING--PERSONAL NAME

  • Personal name: झांसी,नुपुर

670 ## - SOURCE DATA FOUND

  • Source citation: Work cat.: (dpl)62252: झांसी,नुपुर, ग्रन्थालय संगठानात्मक संरचना /, 2012

670 ## - SOURCE DATA FOUND

  • Source citation: Work cat.: (dpl)62252: झांसी,नुपुर, ग्रन्थालय संगठानात्मक संरचना /, 2012

© Delhi Public Library
Hit Counter
free hit counter